000 01055cab a2200313 4500
001 ABS51737
008 090401t1994 xxu||||| |||| 00| 0 eng d
035 _a(Sirsi) u42361
041 _aeng
245 _aGovernment `toned down` warnings over threats to soil
260 _c1994
350 _a0
490 _aENDS Report
_v(237) October 1994, 29-30(2)
520 _aReports on a soil scientist`s evidence to the HL Select Committee on Sustainable Development. The scientist maintains that 105 of UK soil types are suffering irremedial damage and points out problems to be faced in developing a soil sustainable policy.
650 _aAGRICULTURE
650 _aDEGRADATION
650 _aFARMING METHODS
650 _aGREEN ISSUES
650 _aSOIL EROSION
650 _aSOIL PROTECTION
650 _aSOIL QUALITY
650 _aSOIL SURVEY AND LAND RESEARCH CENTRE
650 _aSOILS
650 _aSUSTAINABLE DEVELOPMENT
690 _aENVIRONMENTAL AND LAND CONSULTANCY
690 _aLAND
942 _n0
948 _c04/03/1997
999 _c27172
_d27172